000 02936ngm a2200445 4500
003 dpl
005 2008112103043.0
007 DVD
008 ||||||sp199 xxu|||||c ||| 00| 0 ng d
010 _aDVD-001303-1305 & DVD-004695-4700
024 _aSHE DVD 400
_c99.00
035 _aDVD-004695-4700
040 _aDPL
_cDPL
082 _aDVD / HULC
245 _aHulchul
_cVenus Records and Tales Pvt. Ltd. Presents
_h[videorecording] DVD/
260 _bShemaroo Video Pvt. Ltd.
300 _a1 videodisc DVD; (167 min.) :
_bsd., col. ;
_c4 3/4 in.
_fDVD
440 _aShemaroo Home Entertainment
500 _aFrom the Makers of Hera Pheri & Hungama
500 _aSpecial Features : Making of the Film, Deleted Scenes
538 _aDolby Digital 5.1 - Hindi Subtitles: English, Tamil, Telugu and Bengali
538 _aAnamorphic Wide Screen Format, Presented 2:35.1 Aspect Ratio Enhancaead for 16:9 Wide Screen
650 _aMotion Picture
700 _aPriyadarshan
700 _aKhanna, Akshaye
700 _aKapoor, Kareena
700 _aRawal, Paresh
700 _aWarsi, Arshad
942 _cCF
_2ddc
_hDVD
_mHULC
999 _c18964
_d18964